000
00260 a2200097 4500
001
31368
100
_a
Kamal Matinuddin
245
_a
taliban Phenomenon; afghanistan since 1994-1999
260
_a
Karachi
_b
Oxford University Press
_c
1999
090
_c
21258
_d
21258
942
_a
NUST-CAE
_c
M
_c
12512
999
_c
266441
_d
266441